Arrow Maze - Sudden Death - Statistics

General Stats
  • This quiz has been taken 4,704 times
  • The average score is 4 of 13
Answers on the Grid
Answers color-coded by a green-red scale on the quiz's grid according to % correct below.

 
Answer Stats
Answer % Correct

88%

43%

36%

32%

31%

30%

29%

17%

17%

16%

16%

15%

14%
No matching quizzes found
Score Distribution
Percent of People with Each Score
Percentile by Number Answered
Your Score History
You have not taken this quiz